Top 15 most obese countries - Statistics

General Stats
  • This quiz has been taken 53 times
  • The average score is 9 of 15
Answer Stats
Country Population Percent % Correct
United States of America 36.2%
98%
Nauru 61.0%
69%
Samoa 47.3%
69%
Tuvalu 51.6%
67%
Palau 55.3%
65%
Marshall Islands 52.9%
61%
Micronesia 45.8%
61%
Qatar 35.1%
61%
Tonga 48.2%
61%
Kuwait 37.9%
57%
Saudi Arabia 35.4%
55%
Kiribati 46.0%
53%
Turkey 32.1%
39%
Jordan 35.5%
31%
Libya 32.5%
24%
No matching quizzes found
Score Distribution
Percent of People with Each Score
Percentile by Number Answered
Your Score History
You have not taken this quiz